Free will and continental philosophy: the death without meaning (Record no. 1227099)

MARC details
000 -LEADER
fixed length control field 00702nam a2200229Ia 4500
005 - DATE AND TIME OF LATEST TRANSACTION
control field 20241129110034.0
008 - FIXED-LENGTH DATA ELEMENTS--GENERAL INFORMATION
fixed length control field 241129s9999||||xx |||||||||||||| ||und||
020 ## - INTERNATIONAL STANDARD BOOK NUMBER
International Standard Book Number 978-93-5435-904-4
037 ## - SOURCE OF ACQUISITION
Stock number TB
040 ## - CATALOGING SOURCE
Original cataloging agency ARTS
Language of cataloging eng
Transcribing agency ARTS
041 ## - LANGUAGE CODE
Language code of text/sound track or separate title eng
Source of code eng
084 ## - COLON CLASSIFICATION NUMBER
Classification number R34 P9
Assigning agency ARTS
100 ## - MAIN ENTRY--PERSONAL NAME
Personal name Rose David Edward Au.
9 (RLIN) 727000
245 #0 - TITLE STATEMENT
Title Free will and continental philosophy: the death without meaning
Statement of responsibility, etc. Rose David Edward Au.
260 ## - PUBLICATION, DISTRIBUTION, ETC.
Place of publication, distribution, etc. New Delhi, India
Name of publisher, distributor, etc. New Bloomsbury
Date of publication, distribution, etc. 2023
300 ## - PHYSICAL DESCRIPTION
Extent 164p.
365 ## - TRADE PRICE
Price type code INR
Price amount 499
490 ## - SERIES STATEMENT
Series statement Continuum studies in continental philosophy
650 ## - SUBJECT ADDED ENTRY--TOPICAL TERM
Topical term or geographic name entry element PhilosophySkepticism
9 (RLIN) 727001
942 ## - ADDED ENTRY ELEMENTS (KOHA)
Koha item type Textbook
Classification part R34 P9
Holdings
Withdrawn status Lost status Damaged status Not for loan Home library Current library Date acquired Source of acquisition Cost, normal purchase price Inventory number Total Checkouts Full call number Barcode Date last seen Price effective from Koha item type
        Arts Library Arts Library 2024-11-29 Govinda Book House 499.00 6078 & 12/12/2023   R34 P9 AL1803132 2024-11-29 2024-11-29 Textbook
Copyright @ Delhi University Library System